000 01740nas a2200445 a 4500
001 vtls000943215
003 NLI
005 20210627091235.0
008 111102c19569999ii an p s0 0eng
039 9 _y201111021743
_zVLOAD
040 _aNLI
_beng
_cDatasoft_IOD
_eAACR2
041 0 _aeng
044 _a ii
082 0 4 _a 338.17351(54)
110 1 _aIndian Central Cotton Committee (Bombay)
_9779762
245 1 0 _a Exports sea of Indian raw cotton classified by varieties
_f1955-56 /
_cIndian Central Cotton Committee, Government of India
260 _aBombay :
_bThe Government of Press,
_c1956-
300 _a-v. ;
_c22 cm.
310 _aAnnual
362 1 _a1955-60, 1962-65
500 _aLibrary has 1955-56, 1956-57, 1957-58, 1958-59, 1959-60, 1962-63, 1963-64 and 1964-65
500 _aLibrary has 2 cops.
650 0 _aCotton growing
_zIndia
_vPeriodicals
_9884670
650 0 _aCotton trade
_zIndia
_vPeriodicals
_9884671
650 0 _aAgricultural industries
_zIndia
_vPeriodicals
887 _a
901 _a37548 date
_b15.06.1964
_91955-56, no.23
901 _a37549 date
_b15.06.1964
_91956-57, no.24
901 _aG 7504 date
_b10.09.1963
_91957-58, no.25
901 _a133392 date
_b10.08.1959
_91957-58, no.25, c.2
901 _a16236 date
_b15.09.1960
_91958-59, no.26
901 _a23862 date
_b26.06.1961
_91959-60, no.27
901 _a48059 date
_b04.02.1967
_91962-63, 1963-64 and 1964-65
902 _aGP 338.17351(54) Inex
949 _AVIRTUAITEM
_D10003
_X100
_6IOD000133392ENG
_91957-58 no.25
942 _2ddc
_cBKS
949 _AVIRTUAITEM
_D10003
_X100
_6IOD000016236ENG
_91958-59 no.26
949 _AVIRTUAITEM
_D10003
_X100
_6IOD000048059ENG
_91962-63 1963-64 and 1964-65
999 _aVIRTUA40
_c763563
_d763563